Normal view MARC view
  • Siddique , Zeeshan PC (TE-38)

Entry Personal Name

Number of records used in: 1

001 - CONTROL NUMBER

  • control field: 131341

003 - CONTROL NUMBER IDENTIFIER

  • control field: NUST

005 - DATE AND TIME OF LATEST TRANSACTION

  • control field: 20251021131901.0

008 - FIXED-LENGTH DATA ELEMENTS

  • fixed length control field: 251021|| aca||aabn | a|a d

040 ## - CATALOGING SOURCE

  • Original cataloging agency: NUST
  • Transcribing agency: NUST

100 ## - HEADING--PERSONAL NAME

  • Personal name: Siddique , Zeeshan PC (TE-38)

670 ## - SOURCE DATA FOUND

  • Source citation: Work cat.: (NUST)183135: Siddique , Zeeshan PC (TE-38), Design and implementation of PC based high speed wireless digital data link /, 2005
© 2023 Central Library, National University of Sciences and Technology. All Rights Reserved.